Roller coasters made by Rocky Mountain Construction - Statistics

General Stats
  • This quiz has been taken 28 times
  • The average score is 25 of 30
Answer Stats
Opened Coaster Park % Correct
2023 Arie Force One Fun Spot Atlanta
96%
2022 Iron Gwazi Busch Gardens Tampa
96%
2013 Iron Rattler Six Flags Fiesta Texas
96%
2016 Lightning Rod Dollywood
96%
2011 New Texas Giant Six Flags Over Texas
96%
2015 Twisted Colossus Six Flags Magic Mountain
96%
2018 Twisted Timbers Kings Dimonion
96%
2019 Zadra Energylandia
96%
2014 Goliath Six Flags Great America
91%
2016 Joker Six Flags Discovery Kingdom
91%
2013 Outlaw Run Silver Dollar City
91%
2018 Steel Vengeance Cedar Point
91%
2023 Wildcat's Revenge Hersheypark
91%
2014 Medusa Steel Coaster Six Flags Mexico
87%
2015 Wicked Cyclone Six Flags New England
87%
2018 RailBlazer California's Great America
83%
2018 Twisted Cyclone Six Flags Over Georgia
83%
2019 Untamed Walibi Holland
83%
2016 Wildfire Kolmården
83%
2018 Wonder Woman Golden Lasso Six Flags Fiesta Texas
83%
2024 Fire in the Hole Silver Dollar City
78%
2021 Stunt Pilot Silverwood Theme Park
78%
2016 Wind Chaser Kentucky Kingdom
78%
2025 YoY (Chill) Walibi Holland
78%
2025 YoY (Thrill) Walibi Holland
78%
2019 Hakugei Nagashima Spa Land
74%
2021 Jersey Devil Coaster Six Flags Great Adventure
74%
2022 Wonder Woman Flight of Courage Six Flags Magic Mountain
70%
2025 Fire Runner Lost Island Theme Park
65%
2024 Sköll & Hati Gyeongju World
43%
No matching quizzes found
Score Distribution
Percent of People with Each Score
Percentile by Number Answered
Your Score History
You have not taken this quiz